• 首页
  • 本馆介绍
  • 公告通知
  • 最新文献
  • 馆藏检索
  • 电子资源
  • 读者导购
  • 参考咨询
  • 我的图书馆
  • 登录
  • 详细信息显示
  • 放入我的书架
  • 预约/预借图书
  • 作者相关作品
  • 分类相关作品
  • 丛书相关作品
  • 出版社相关作品

书目信息

  • 表格格式
  • 工作单格式
  • 卡片格式
题名:
图解科学健身宝典
    
 
作者: 伊藤卫 编 ;吉藤宗弘 , 刘美凤 参编
分册:  
出版信息: 北京   北京美术摄影出版社  2021.04
页数: 267页
开本: 26cm
丛书名:
单 册:
中图分类: G883-64
科图分类:
主题词: 健身运动--图解
电子资源:
ISBN: 978-7-5592-0401-1
000 01001nam0 2200265 450
001 012001000225
005 20141201113327.0
010    @a978-7-5592-0401-1@dCNY98.00
100    @a20220905d2021 em y0chiy50 ea
101 1  @achi@cjpn
102    @aCN@b110000
105    @aa z 000yy
106    @ar
200 1  @a图解科学健身宝典@Atu jie ke xue jian shen bao dian@f(日)伊藤卫编@g(日)吉藤宗弘参编@g刘美凤译
210    @a北京@c北京美术摄影出版社@d2021.04
215    @a267页@d26cm
300    @a体育知识
330    @a本书在篇章布局上,从身体结构与功能(第1章)落笔,其后为不同种类锻炼理论的介绍(第2章)、运动过程中的生理机制(第3章)、身体护理(第4章);然后,从饮食生活角度,对健康管理知识(第5章)以及精神和心理作用(第6章)进行了具体阐述。
606 0  @a健身运动@j图解
690    @aG883-64@v5
701  0 @c(日)@a伊藤卫@Ayi teng wei@4编
702  0 @c(日)@a吉藤宗弘@Aji teng zong hong@4参编
702  0 @a刘美凤@Aliu mei feng@4译
801  0 @aCN@bAHXH@c20221111
905    @b1361928-32@dG883-64@e254@f5
    
    图解科学健身宝典/(日)伊藤卫编/(日)吉藤宗弘参编/刘美凤译.-北京:北京美术摄影出版社,2021.04
    267页;26cm
    体育知识
    
    ISBN 978-7-5592-0401-1:CNY98.00
    本书在篇章布局上,从身体结构与功能(第1章)落笔,其后为不同种类锻炼理论的介绍(第2章)、运动过程中的生理机制(第3章)、身体护理(第4章);然后,从饮食生活角度,对健康管理知识(第5章)以及精神和心理作用(第6章)进行了具体阐述。
●
相关链接 在E读中查询图书 在五车中查询图书 在当当中查询图书 在豆瓣中查询图书


正题名:图解科学健身宝典     索取号:G883-64/254         预约/预借

序号 登录号 条形码 馆藏地/架位号 状态 备注
1 1361928   213619280   第一样本阅览室/ [索取号:G883-64/254] 在馆    
2 1361929   213619299   教育系资料室/ [索取号:G883-64/254] 在馆    
3 1361930   213619306   教育系资料室/ [索取号:G883-64/254] 在馆    
4 1361931   213619315   第四借阅区/ [索取号:G883-64/254] 在馆    
5 1361932   213619324   第四借阅区/ [索取号:G883-64/254] 在馆    
唐山师范学院图书馆 欢迎您!
大连网信软件有限公司© 版权所有